000 01511nam a2200325Ia 4500
005 20220317000231.0
008 141031s999 ck 000 0 spa d
020 _a9789587580938
100 1 _aPeralta, María del Sol,
_d1977-
245 1 0 _aSana que sana
_buna canción para cada ocasión
_cMaría del Sol Peralta ; ilustraciones de Helena Melo Tovar
250 _a4a. edición
_b2a reimpresion
300 _a[40] páginas sin enumerar
_bilustraciones en color
_c22 cm
_e1 CD
490 _aAlfaguara infantil
500 _aIncluye CD con título: Sana que sana. Consultar CD bajo clasificación P / PER22
500 _aIncluye datos biográficos de la autora
505 _aCortas historias de nunca olvidar. -- Sana que sana. -- Al ritmo del corazón. -- Palabras dulces. -- Canciones para saborear, oler y ..comer!. -- Prohibido aburrirse en días de ..lluvia. -- Celebrando días de ...sol. -- Canciones para despertar a un dormido -- Canciones para dormir a un despierto
650 1 4 _2LEMB
_aAutores colombianos
650 1 4 _2LEMB
_aCanciones infantiles
_vDiscos compactos
650 1 4 _2LEMB
_aCanciones de cuna
650 1 4 _2LEMB
_aCanciones
_xColecciones
650 1 4 _2LEMB
_aCanciones folcloricas
700 1 _aMelo Tovar, Helena,
_d1981-
_eilustrador
_910396
942 _2loc
_cBKLIT
264 _aBogotá
_bAlfaguara
_c2013
336 _atexto
_btxt
_2rdacontent
337 _asin mediación
_bn
_2rdamedia
338 _avolumen
_bnc
_2rdacarrier
040 _aCO-BoRNBP
_bspa
_erda
_cCO-BoRNBP
084 _aP PER22
999 _c3474
_d3474